000 01644cam a22004814i 4500
003 PE-LiUPU
005 20250731173451.0
008 150616s r 000 0 d
020 _a1563380897
035 _a(Sirsi) i9781563380891
040 _aPE-LiUPU
_bspa
_cPE-LiUPU
_erda
049 _aPRUA
082 0 4 _a225.12
_bCh53
_221
100 1 _aChilds, Brevard S.,
_eautor.
245 1 4 _aThe New Testament As Canon :
_bAn Introduction /
_cBrevard S. Childs.
264 1 _aValley Forge, Penn. :
_bTrinity Press International,
_c1994.
300 _a571 páginas ;
_c23centímetros
336 _atext
_2rdacontent
337 _aunmediated
_2rdamedia
338 _avolume
_2rdacarrier
505 0 _aThe New Testament -- The Gospels -- The Acts -- The Pauline Corpus -- The Catholic Epistles -- Revelation.
526 _aSEG42
526 _aSEG41
526 _aSEG40
526 _aSEG39
526 _aP94
526 _aP87
526 _aP86
526 _aP85
526 _aP77
526 _aP76
526 _aP35
630 _aBiblia.
_pN.T.
_xCanon.
630 _aBiblia.
_pN.T.
_xIntroducciones.
630 _aBiblia.
_pN.T.
_xTEOLOGIA.
910 _ajck
_bjvq
_cjck
942 _2ddc
_cBOOK
949 _a225.12 CH53
_wDEWEY
_c1
_i39841
_lCCODEBUL1
_mBUL
_r0
_sY
_tBOOK
_u2015-6-16
_xTEOLOGIA
_zUNKNOWN
_0COMPRA
_o.STAFF. Colección General
994 _aC0
_bPEPRU
596 _a1
999 _a225.12 CH53
_wDEWEY
_c57613
_i39841
_f2021-11-9
_g5
_lCCODEBUL1
_mBUL
_r0
_sY
_tBOOK
_u2015-6-16
_xTEOLOGIA
_zUNKNOWN
_0COMPRA
_o.STAFF. Colección General
_d57613
980 _81
_gALBERTO SANCHEZ Responsable de Automatización